000 01469 a2200241 4500
001 59279
005 20260407155847.0
008 260407a2023 arg spa d
003 AR-UNSa-BCEJYS
040 _aAR-UNSa-BCEJYS
_bspa
_cAR-UNSa-BCEJYS
080 _a336.226.1
_xImpuestos a las ganancias o los beneficios (Impuesto Diferido)
245 1 0 _aMétodo del impuesto diferido
_pen el marco de los estados contables ajustados por inflación
020 _a978-987-716-180-9
250 _a2a. ed.
264 1 _aBuenos Aires :
_bOsmar D. Buyatti
_c2023
300 _a187 p.
_c22 cm.
505 _a1. Aspectos generales del MID - 2. Otros aspectos inherentes al método - 3. El MID en el marco de ajuste por inflación - 4. Aplicación integral del MID en el contexto de la reexpresión de estados contables a $C. - 5. Tratamiento contable del ajuste por inflación practicada a los fines impositivos - 6. Incidencia de la aplicación de tasas progresivas en la contabilización del impuesto a las ganancias mediante el método del impuesto diferido - 7. El método en la resolución técnica n° 54 emitida como norma unificada Argentina de contabilidad - 8. El caso particular del empleo del MID en las obras construídas bajo contrato
041 _aspa
942 _cBK
590 _aniveau_biblio:m niveau_hierar:0
100 1 _aTorres, Carlos Federico
856 4 1 _uhttps://www.biblioeco.unsa.edu.ar/pmb/images/libros/L129044.jpg
_yImagen de portada
_qimage/jpeg
999 _c6636
_d6636